[Event "EU-ch 23rd"]
[Site "Vrnjacka Banja"]
[Date "2023.03.09"]
[Round "7"]
[White "Lakusic, Zoran"]
[Black "Bozanic, Jovan"]
[Result "0-1"]
[WhiteElo "1641"]
[BlackElo "1934"]
[PlyCount "100"]
[EventDate "2023.03.03"]
[EventType "swiss"]
[EventRounds "11"]
[EventCountry "SRB"]
[SourceTitle "CBM 213"]
[Source "ChessBase"]
[SourceDate "2023.04.30"]
[SourceVersion "1"]
[SourceVersionDate "2023.04.30"]
[SourceQuality "1"]

1. c4 Nf6 2. Nc3 g6 3. Nf3 Bg7 4. d4 d6 5. g3 0-0 6. Bg2 Nc6 7. 0-0 Nd7 8. e3 e5 9. d5 Ne7 10. e4 a5 11. Rb1 Nc5 12. Qc2 f5 13. Ne1 f4 14. a3 a4 15. Nd3 Nb3 16. f3 Bd7 17. Ne2 g5 18. g4 Ng6 19. Bd2 Nh4 20. h3 Qf6 21. Ndc1 Nc5 22. Be1 h5 23. Bxh4 gxh4 24. Kh2 hxg4 25. hxg4 c6 26. Nd3 Nb3 27. Ndc1 cxd5 28. Nxb3 axb3 29. Qxb3 dxe4 30. Qxb7 exf3 31. Bxf3 Be6 32. Bd5 Rfc8 33. Nc3 Qg6 34. Rf2 Rab8 35. Bxe6+ Qxe6 36. Qd5 Qxd5 37. cxd5 Rxc3 38. bxc3 Rxb1 39. g5 Ra1 40. Kh3 Kf7 41. Kxh4 Rxa3 42. Rb2 Rxc3 43. Rb7+ Kg6 44. Rd7 Bf8 45. Rd8 Kf7 46. g6+ Ke7 47. Ra8 Rc7 48. Kg5 f3 49. Kf5 f2 50. Ra1 Bg7 0-1

[Event "SRB-ch U18"]
[Site "Novi Sad"]
[Date "2022.08.02"]
[Round "3.2"]
[White "Bozanic, Jovan"]
[Black "Mijatovic, Dusan"]
[Result "0-1"]
[WhiteElo "1783"]
[BlackElo "2170"]
[PlyCount "109"]
[EventDate "2022.08.01"]
[EventType "tourn"]
[EventRounds "9"]
[EventCountry "SRB"]
[SourceTitle "CBM 209 Extra"]
[Source "ChessBase"]
[SourceDate "2022.09.30"]
[SourceVersion "1"]
[SourceVersionDate "2022.09.30"]
[SourceQuality "1"]

1. e4 e6 2. d4 d5 3. e5 c5 4. c3 Nc6 5. Nf3 Bd7 6. Be2 Nge7 7. Na3 cxd4 8. cxd4 Nf5 9. Nc2 Qb6 10. h4 Na5 11. g4 Ne7 12. h5 h6 13. b3 Bb5 14. Na3 Bxe2 15. Kxe2 Nec6 16. Qd3 Rc8 17. Nc2 Nb4 18. Nxb4 Bxb4 19. Bd2 Bxd2 20. Qxd2 Qa6+ 21. Ke3 Nc6 22. Rhc1 0-0 23. g5 Ne7 24. gxh6 Nf5+ 25. Kf4 gxh6 26. Rg1+ Kh8 27. Kg4 Rg8+ 28. Kh3 Rxg1 29. Rxg1 Qc6 30. Qf4 Qc2 31. Nh4 Qd3+ 32. Nf3 Rc3 33. Kg4 Qe2 34. Rg2 Ne3+ 35. Kh3 Nxg2 36. Kxg2 Kg7 37. Qf6+ Kg8 38. Qd8+ Kh7 39. Qf6 Rc7 40. a4 Qe4 41. Kg3 Qf5 42. Qxf5+ exf5 43. Kf4 Rc2 44. Kxf5 Rxf2 45. Kg4 Rb2 46. Kf5 Rxb3 47. Nh4 Rh3 48. Kg4 Rd3 49. Nf5 Ra3 50. Ne7 Rxa4 51. Kf5 Rxd4 52. Nc8 a5 53. Nd6 Kg7 54. Ne8+ Kf8 55. Nf6 0-1

[Event "SRB-ch U18"]
[Site "Novi Sad"]
[Date "2022.08.01"]
[Round "1.3"]
[White "Bozanic, Jovan"]
[Black "Milosevic, Milos"]
[Result "0-1"]
[WhiteElo "1783"]
[BlackElo "2342"]
[PlyCount "92"]
[EventDate "2022.08.01"]
[EventType "tourn"]
[EventRounds "9"]
[EventCountry "SRB"]
[SourceTitle "CBM 209 Extra"]
[Source "ChessBase"]
[SourceDate "2022.09.30"]
[SourceVersion "1"]
[SourceVersionDate "2022.09.30"]
[SourceQuality "1"]

1. e4 c5 2. Nf3 d6 3. d4 cxd4 4. Nxd4 Nf6 5. Nc3 a6 6. Be3 e5 7. Nb3 Be6 8. f3 Nbd7 9. Qd2 b5 10. 0-0-0 h5 11. Kb1 Nb6 12. Na5 Qc7 13. Bxb6 Qxb6 14. Nd5 Nxd5 15. exd5 Bd7 16. Qb4 Be7 17. f4 Rc8 18. Bd3 Rc5 19. Be4 exf4 20. Rhe1 Kf8 21. Rf1 Bf6 22. h4 Bxh4 23. Rxf4 Bg5 24. Rff1 Rh6 25. Bf5 Bxf5 26. Rxf5 Bf6 27. Nc6 Qc7 28. Qe4 Rc4 29. Qe2 h4 30. Rh5 Rxh5 31. Qxh5 Kg8 32. Qf5 Rc5 33. Re1 Be5 34. Qg5 f6 35. Qf5 Qf7 36. g3 g6 37. Qg4 Rc4 38. Qc8+ Kg7 39. b3 Rc5 40. gxh4 Qxd5 41. Qb7+ Qf7 42. Qxa6 Qc7 43. Nxe5 dxe5 44. Rf1 Rc6 45. Qxb5 Rxc2 46. Rd1 Qc3 0-1

[Event "Paracin Summer op 14th"]
[Site "Paracin"]
[Date "2021.07.10"]
[Round "3"]
[White "Krivenko, Dion"]
[Black "Bozanic, Jovan"]
[Result "1/2-1/2"]
[WhiteElo "2115"]
[BlackElo "1961"]
[PlyCount "74"]
[EventDate "2021.07.09"]
[EventType "swiss"]
[EventRounds "9"]
[EventCountry "SRB"]
[SourceTitle "EXT 2022"]
[Source "ChessBase"]
[SourceDate "2021.10.06"]
[SourceVersion "1"]
[SourceVersionDate "2021.10.06"]
[SourceQuality "1"]

1. e4 c5 2. Nf3 d6 3. d4 cxd4 4. Qxd4 Nc6 5. Bb5 Bd7 6. Bxc6 Bxc6 7. Nc3 Nf6 8. Bg5 e6 9. 0-0-0 Be7 10. Qd3 0-0 11. Nd4 h6 12. Bxf6 Bxf6 13. f4 Qa5 14. g4 Rfc8 15. h4 b5 16. Kb1 Qb4 17. a3 Qc4 18. g5 Qxd3 19. Rxd3 hxg5 20. hxg5 Bxd4 21. Rxd4 e5 22. Rxd6 exf4 23. Rf1 a5 24. Rd4 Rd8 25. Nd5 Bxd5 26. exd5 Rd6 27. b3 b4 28. axb4 axb4 29. Rfxf4 Ra5 30. Rxb4 Rdxd5 31. Rb8+ Kh7 32. Rxf7 Rxg5 33. Rbb7 Rg2 34. Rbc7 Kg8 35. Rfe7 Kf8 36. Kb2 Rd2 37. Re4 g5 1/2-1/2

[Event "Paracin Summer op 14th"]
[Site "Paracin"]
[Date "2021.07.09"]
[Round "1"]
[White "Jocev, Milan"]
[Black "Bozanic, Jovan"]
[Result "1-0"]
[WhiteElo "2260"]
[BlackElo "1961"]
[PlyCount "139"]
[EventDate "2021.07.09"]
[EventType "swiss"]
[EventRounds "9"]
[EventCountry "SRB"]
[SourceTitle "EXT 2022"]
[Source "ChessBase"]
[SourceDate "2021.10.06"]
[SourceVersion "1"]
[SourceVersionDate "2021.10.06"]
[SourceQuality "1"]

1. Nf3 Nf6 2. c4 g6 3. Nc3 Bg7 4. e4 d6 5. d4 0-0 6. Be2 e5 7. d5 a5 8. h3 Na6 9. Be3 Nh5 10. g3 f5 11. exf5 gxf5 12. Bg5 Qe8 13. Qd2 e4 14. Nd4 Nc5 15. Be3 Bd7 16. 0-0-0 Kh8 17. Rdg1 Be5 18. Bh6 Ng7 19. Kb1 Qg6 20. Be3 a4 21. Nc2 Rae8 22. Ne1 a3 23. b3 Qf6 24. Kc2 Na6 25. Nd1 c6 26. dxc6 bxc6 27. Bg5 Qe6 28. Ne3 d5 29. Qa5 Ra8 30. Bf4 Rfb8 31. Qd2 d4 32. Ng4 Bxf4 33. gxf4 d3+ 34. Nxd3 exd3+ 35. Bxd3 Nb4+ 36. Kc1 Nxd3+ 37. Qxd3 fxg4 38. hxg4 h6 39. Qd4 c5 40. Qc3 Kg8 41. f5 Qe2 42. Qd2 Qxd2+ 43. Kxd2 Rd8 44. Ke3 Bc6 45. Rxh6 Bb7 46. Rb6 Rab8 47. f6 Rd4 48. f3 Ne8 49. g5 Nd6 50. Kf2 Nf5 51. Re1 Rd2+ 52. Kg1 Kf7 53. Re5 Nd6 54. Re7+ Kg6 55. f7 Kxg5 56. b4 Rf8 57. bxc5 Nxf7 58. Rbxb7 Kf6 59. c6 Ng5 60. c7 Rg8 61. Kf1 Nh3 62. Rf7+ Ke5 63. Rb5+ Ke6 64. Rg7 Rxg7 65. c8Q+ Rgd7 66. Qc6+ R7d6 67. Qe8+ Kf6 68. Qe5+ Kg6 69. Qf5+ Kg7 70. Rb7+ 1-0

[Event "Veliko Gradiste Silver Lake op-A"]
[Site "Veliko Gradiste"]
[Date "2021.06.28"]
[Round "7"]
[White "Bozanic, Jovan"]
[Black "Phatak, Aanjaneya"]
[Result "1/2-1/2"]
[WhiteElo "1961"]
[BlackElo "1769"]
[PlyCount "48"]
[EventDate "2021.06.23"]
[EventType "swiss"]
[EventRounds "9"]
[EventCountry "SRB"]
[SourceTitle "EXT 2022"]
[Source "ChessBase"]
[SourceDate "2021.10.06"]
[SourceVersion "1"]
[SourceVersionDate "2021.10.06"]
[SourceQuality "1"]

1. e4 c5 2. Nf3 d6 3. d4 cxd4 4. Nxd4 Nf6 5. Nc3 g6 6. Be3 Bg7 7. f3 0-0 8. Qd2 Nc6 9. 0-0-0 d5 10. Qe1 e5 11. Nxc6 bxc6 12. exd5 Nxd5 13. Nxd5 cxd5 14. f4 exf4 15. Bd4 Be6 16. Qf2 Qc7 17. Bxg7 Kxg7 18. Rd4 Rac8 19. Bd3 Qa5 20. a4 Rc4 21. b3 Qc3 22. bxc4 dxc4 23. Re1 Qa1+ 24. Kd2 Qxa4 1/2-1/2

[Event "SRB-ch U18"]
[Site "Subotica"]
[Date "2021.05.05"]
[Round "4"]
[White "Bozanic, Jovan"]
[Black "Milosevic, Milos"]
[Result "0-1"]
[WhiteElo "1989"]
[BlackElo "2370"]
[PlyCount "51"]
[EventDate "2021.05.03"]
[EventType "tourn"]
[EventRounds "9"]
[EventCountry "SRB"]
[SourceTitle "EXT 2022"]
[Source "ChessBase"]
[SourceDate "2021.10.06"]
[SourceVersion "1"]
[SourceVersionDate "2021.10.06"]
[SourceQuality "1"]

1. e4 c5 2. Nf3 Nc6 3. d4 cxd4 4. Nxd4 g6 5. Be3 Bg7 6. Nc3 Nf6 7. Bc4 0-0 8. f3 Re8 9. Qd2 e6 10. 0-0-0 d5 11. exd5 Nxd5 12. Nxd5 exd5 13. Bb3 a5 14. Nxc6 bxc6 15. Ba4 Qh4 16. f4 Bd7 17. g3 Qh5 18. c3 Rab8 19. Rde1 Qh3 20. a3 Rb7 21. Bd4 Reb8 22. b4 axb4 23. axb4 Ra8 24. Bb3 Bxd4 25. Qxd4 Qg2 26. Qd2 0-1